Rzeka na literę „O” - Statystyki

Ogólne statystyki
  • Ten quiz został rozwiązany 15 razy
  • Średni wynik to 3 z 8
Statystyki odpowiedzi
Hint Odpowiedź % Poprawnych
2. Odra
93%
1. Obra
50%
3. Oka
43%
7. Osa
29%
4. Omulew
21%
6. Orzyc
21%
5. Onega
0%
8. Osym
0%
Nie znaleziono quizów pasujących do podanych kryteriów
Rozkład punktacji
Procent ludzi z każdym wynikiem
Percentyl według liczby udzielonych odpowiedzi
Twoja historia wyników
Nie rozwiązałeś tego quizu